000 00355nam a22001457a 4500
082 _a780.95487
_bTHI/S
100 _aThiyagarajan T H
245 _aSaptaswara's classical gems/
_cby Thiyagarajan T H
260 _aChennai:
_bSaptaswara Musicals,
_c2009.
300 _a63p.
650 _aCarnatic Music
650 _aMusic
650 _aArts
942 _cBK
999 _c55984
_d55984